<?xml version="1.0" encoding="UTF-8"?>
<record
    xmlns:xsi="http://www.w3.org/2001/XMLSchema-instance"
    xsi:schemaLocation="http://www.loc.gov/MARC21/slim http://www.loc.gov/standards/marcxml/schema/MARC21slim.xsd"
    xmlns="http://www.loc.gov/MARC21/slim">

  <leader>00720nam a22002297a 4500</leader>
  <controlfield tag="003">UA-OsUOA</controlfield>
  <controlfield tag="001"> 99272 </controlfield>
  <controlfield tag="007">ta</controlfield>
  <controlfield tag="008">20130426b un ||||| |||| 00| 0 ukr d</controlfield>
  <datafield tag="100" ind1=" " ind2=" ">
    <subfield code="a">&#x421;&#x456;&#x434;&#x430;&#x440;&#x44D;&#x43D;&#x43A;&#x430; &#x412;.</subfield>
  </datafield>
  <datafield tag="090" ind1=" " ind2=" ">
    <subfield code="a">821.161.3</subfield>
    <subfield code="b">&#x421;34</subfield>
  </datafield>
  <datafield tag="942" ind1=" " ind2=" ">
    <subfield code="c">BK</subfield>
  </datafield>
  <datafield tag="040" ind1=" " ind2=" ">
    <subfield code="a">UA-OsUOA</subfield>
    <subfield code="b">bel</subfield>
    <subfield code="c">UA-OsUOA</subfield>
    <subfield code="d">UA-OsUOA</subfield>
  </datafield>
  <datafield tag="245" ind1=" " ind2=" ">
    <subfield code="a">&#x410;&#x434;&#x43B;&#x435;&#x433;&#x43B;&#x430;&#x441;&#x446;&#x44C;</subfield>
    <subfield code="b">&#x432;&#x435;&#x440;&#x448;&#x44B;</subfield>
  </datafield>
  <datafield tag="300" ind1=" " ind2=" ">
    <subfield code="a">205 &#x441;.</subfield>
  </datafield>
  <datafield tag="955" ind1=" " ind2=" ">
    <subfield code="a">3</subfield>
  </datafield>
  <datafield tag="041" ind1=" " ind2=" ">
    <subfield code="a">bel</subfield>
  </datafield>
  <datafield tag="080" ind1=" " ind2=" ">
    <subfield code="a">821.161.3</subfield>
  </datafield>
  <datafield tag="260" ind1=" " ind2=" ">
    <subfield code="a">&#x41A;.</subfield>
    <subfield code="b">&#x413;&#x43E;&#x43B;&#x43E;&#x432;&#x43D;&#x430; &#x441;&#x43F;&#x435;&#x446;&#x456;&#x430;&#x43B;&#x456;&#x437;&#x43E;&#x432;&#x430;&#x43D;&#x430; &#x440;&#x435;&#x434;&#x430;&#x43A;&#x446;&#x456;&#x44F; &#x43B;&#x456;&#x442;&#x435;&#x440;&#x430;&#x442;&#x443;&#x440;&#x438; &#x43C;&#x43E;&#x432;&#x430;&#x43C;&#x438; &#x43D;&#x430;&#x446;&#x456;&#x43E;&#x43D;&#x430;&#x43B;&#x44C;&#x43D;&#x438;&#x445; &#x43C;&#x435;&#x43D;&#x448;&#x438;&#x43D; &#x423;&#x43A;&#x440;&#x430;&#x457;&#x43D;</subfield>
    <subfield code="c">1997</subfield>
  </datafield>
  <datafield tag="650" ind1=" " ind2="7">
    <subfield code="a">82 &#x41B;&#x456;&#x442;&#x435;&#x440;&#x430;&#x442;&#x443;&#x440;&#x430;. &#x41B;&#x456;&#x442;&#x435;&#x440;&#x430;&#x442;&#x443;&#x440;&#x43E;&#x437;&#x43D;&#x430;&#x432;&#x441;&#x442;&#x432;&#x43E;</subfield>
    <subfield code="2">UDC</subfield>
  </datafield>
  <datafield tag="999" ind1=" " ind2=" ">
    <subfield code="c">385384</subfield>
    <subfield code="d">385384</subfield>
  </datafield>
  <datafield tag="952" ind1=" " ind2=" ">
    <subfield code="0">0</subfield>
    <subfield code="1">0</subfield>
    <subfield code="2">udc</subfield>
    <subfield code="4">0</subfield>
    <subfield code="7">0</subfield>
    <subfield code="a">101</subfield>
    <subfield code="b">101</subfield>
    <subfield code="d">2013-04-26</subfield>
    <subfield code="i">41500</subfield>
    <subfield code="l">0</subfield>
    <subfield code="o">821.161.3 &#x421;34</subfield>
    <subfield code="p">41500</subfield>
    <subfield code="r">2022-04-26 00:00:00</subfield>
    <subfield code="w">2013-04-26</subfield>
    <subfield code="y">BK</subfield>
  </datafield>
  <datafield tag="952" ind1=" " ind2=" ">
    <subfield code="0">0</subfield>
    <subfield code="1">0</subfield>
    <subfield code="2">udc</subfield>
    <subfield code="4">0</subfield>
    <subfield code="7">0</subfield>
    <subfield code="a">101</subfield>
    <subfield code="b">101</subfield>
    <subfield code="d">2013-04-26</subfield>
    <subfield code="i">41501</subfield>
    <subfield code="l">0</subfield>
    <subfield code="o">821.161.3 &#x421;34</subfield>
    <subfield code="p">41501</subfield>
    <subfield code="r">2022-04-26 00:00:00</subfield>
    <subfield code="w">2013-04-26</subfield>
    <subfield code="y">BK</subfield>
  </datafield>
  <datafield tag="952" ind1=" " ind2=" ">
    <subfield code="0">0</subfield>
    <subfield code="1">0</subfield>
    <subfield code="2">udc</subfield>
    <subfield code="4">0</subfield>
    <subfield code="7">0</subfield>
    <subfield code="a">101</subfield>
    <subfield code="b">101</subfield>
    <subfield code="d">2013-04-26</subfield>
    <subfield code="i">41502</subfield>
    <subfield code="l">0</subfield>
    <subfield code="o">821.161.3 &#x421;34</subfield>
    <subfield code="p">41502</subfield>
    <subfield code="r">2022-04-26 00:00:00</subfield>
    <subfield code="w">2013-04-26</subfield>
    <subfield code="y">BK</subfield>
  </datafield>
</record>
